Manažment AML/CFT rizika v bankovníctve bakalárska práca

Na minha lista:
Detalhes bibliográficos
Autor principal: Schieber, Filip
Autor Corporativo: Národohospodárska fakulta EU. Katedra bankovníctva a medzinárodných financií
Outros Autores: Horváth, David, 1992-
Formato: Livro
Idioma:eslovaco
Publicado em: Bratislava 2024
Tags: Adicionar Tag
Sem tags, seja o primeiro a adicionar uma tag!

MARC

LEADER 00000nbm a2200000 4500
001 0301697
005 20241024134336.1
041 0 |a slo 
044 |a SK 
245 1 0 |a Manažment AML/CFT rizika v bankovníctve  |b bakalárska práca  |c Filip Schieber ; školiteľ: David Horváth 
264 1 |a Bratislava  |c 2024 
300 |a 34 s. 
100 1 |a Schieber, Filip 
700 1 |a Horváth, David, 1992- 
710 2 |a Národohospodárska fakulta EU. Katedra bankovníctva a medzinárodných financií